| 000 | 01775cam a22004091i 4500 | ||
|---|---|---|---|
| 003 | SA-RiAUC | ||
| 005 | 20241006061034.0 | ||
| 008 | 241002s1993 su g bc 001k0 ara c | ||
| 020 | _a9775224055 | ||
| 040 |
_aSA-RiAUC _bara _cSA-RiAUC _erda |
||
| 082 | 0 | 4 |
_a091.1 _qSA-RiAUC |
| 090 |
_a091.1 _bي ا س |
||
| 100 | 1 |
_aياسين، حكمت بشير، _d1955- _eمؤلف. |
|
| 245 | 1 | 2 |
_aالقواعد المنهجية في التنقيب عن المفقود من الكتب والأجزاء التراثية / _cحكمت بشير ياسين ؛ تقديم بكر بن عبد الله أبو زيد. |
| 250 | _aالطبعة الأولى. | ||
| 264 | 1 |
_aالرياض : _bمكتبة المؤيد، _c1993 |
|
| 300 |
_a383 صفحة ؛ _c24 سم. |
||
| 336 |
_aنص _btxt _2rdacontent _3كتاب |
||
| 337 |
_aبدون وسيط _bn _2rdamedia |
||
| 338 |
_aمجلد _bnc _2rdacarrier |
||
| 490 | 0 |
_aسلسلة تييسير التراث الإسلامى ؛ _v1 |
|
| 500 | _aيشتمل على كشافات. | ||
| 500 | _aيشتمل على فهارس. | ||
| 504 | _aيشتمل على إرجاعات ببليوجرافية. | ||
| 504 | _aببليوجرافية : صفحة 335-361. | ||
| 590 | _aCatalogued by : Sara. | ||
| 650 | 7 |
_aالكتب النادرة _2aucsh |
|
| 650 | 7 |
_aالسنة _xتاريخ _2aucsh |
|
| 650 | 7 |
_aالحديث _xجمع وتدوين _2aucsh |
|
| 650 | 7 |
_aعلم الحديث _2aucsh |
|
| 650 | 7 |
_aالكتب _vببليوجرافيات _2aucsh |
|
| 650 | 7 |
_aالمخطوطات العربية _2aucsh |
|
| 650 | 7 |
_aالكتب النادرة _zالبلاد العربية _2aucsh |
|
| 700 | 1 |
_aأبو زيد، بكر بن عبد الله، _d1365-1429 هجري _eمقدم. |
|
| 942 |
_2ddc _cBOOK _n0 |
||
| 949 |
_aSA-JeALM _d241002 _umohamedma123 _n1 |
||
| 999 |
_c894 _d894 |
||